000 00473nam a22001937a 4500
003 MPLRDC
005 20220104143811.0
008 210129b ||||| |||| 00| 0 eng d
020 _a957-9307-10-5
082 _a415.8 CMC
100 _a陈明村 等著
245 _a怎样防治泌尿疾病
_c
250 _a一版一刷
260 _a
_b浓浓
_c1997
300 _b
490 _a健康医学系列. 8
650 _a泌尿生殖系病
942 _cBK
_o415.8 CMC
999 _c43466
_d43456